Sports Quiz

Random Sports or NFL Quiz

College Teams by Draft Bust Quiz Stats

 Plays Quiz not verified by Sporcle

Score 0/20 Timer 05:00
0 Plays Today
Draft Bust University % Correct
Reggie BushUSC Trojans
96.6%
Jamarcus RussellLSU Tigers
93.5%
Ryan LeafWashington State Cougars
76.9%
David CarrFresno State Bulldogs
74.7%
Tim CouchKentucky Wildcats
71%
Ki-Jana CarterPenn State Nittany Lions
68.1%
Charles RogersMichigan State Spartans
63.9%
Brian BosworthOklahoma Sooners
61.1%
Curtis EnisPenn State Nittan Lions
57.6%
Lawrence PhillipsNebraska Cornhuskers
55.5%
Draft Bust University % Correct
Akili SmithOregon Ducks
51.1%
Rick MirerNotre Dame Fighting Irish
49.7%
David KlinglerHouston Cougars
43.1%
Heath ShulerTennessee Volunteers
43%
Blair ThomasPenn State Nittany Lions
41.9%
Tony MandarichMichigan State Spartans
39.8%
Steve EmtmanWashington Huskies
36.5%
Art SchlichterOhio State Buckeyes
30.6%
Bruce PickensNebraska Cornhuskers
6.2%
Rich CampbellCal Golden Bears
4.8%

You're not logged in!

Compare scores with friends on all Sporcle quizzes.
OR
Log In

Show Comments

Extras

Top Quizzes Today


Score Distribution

Your Account Isn't Verified!

In order to create a playlist on Sporcle, you need to verify the email address you used during registration. Go to your Sporcle Settings to finish the process.

Report this User

Report this user for behavior that violates our Community Guidelines.

Details: